Análisis dinámico de carcaza de una caja de traspaso por el método de los elementos finitos
Expone un análisis dinámico de carcaza de una caja de traspaso por el método de los elementos finitos.
Uloženo v:
| Hlavní autor: | |
|---|---|
| Korporativní autor: | |
| Další autoři: | |
| Médium: | E-kniha |
| Jazyk: | španělština |
| Vydáno: |
La Habana :
Instituto Superior Politécnico José Antonio Echeverría. CUJAE,
2011.
|
| Témata: | |
| On-line přístup: | https://elibro.unach.elogim.com/es/lc/unach/titulos/86049 |
| Tagy: |
Přidat tag
Žádné tagy, Buďte první, kdo vytvoří štítek k tomuto záznamu!
|
MARC
| LEADER | 00000nam a2200000 a 4500 | ||
|---|---|---|---|
| 001 | ELB86049 | ||
| 003 | FlNmELB | ||
| 006 | m o d | | ||
| 007 | cr cn||||||||| | ||
| 008 | 201201r2011 cu |||||s|||||||||||spa d | ||
| 024 | 8 | |z 71208075610 | |
| 035 | |a (MiAaPQ)EBC3201992 | ||
| 035 | |a (Au-PeEL)EBL3201992 | ||
| 035 | |a (CaPaEBR)ebr10608965 | ||
| 035 | |a (OCoLC)929378331 | ||
| 040 | |a FlNmELB |b spa |c FlNmELB | ||
| 050 | 4 | |a QA269 |b R6961 2011 | |
| 080 | |a 51 | ||
| 082 | 0 | 4 | |a 510 |2 22 |
| 100 | 1 | |a Rodríguez Vento, Alain. | |
| 245 | 1 | 0 | |a Análisis dinámico de carcaza de una caja de traspaso por el método de los elementos finitos |h [recurso electronico] |c Alain Rodríguez Vento. |
| 260 | |a La Habana : |b Instituto Superior Politécnico José Antonio Echeverría. CUJAE, |c 2011. | ||
| 300 | |a 81 p. | ||
| 500 | |a Tesis (maestría) - Instituto Superior Politécnico José Antonio Echeverría CUJAE. | ||
| 520 | |a Expone un análisis dinámico de carcaza de una caja de traspaso por el método de los elementos finitos. | ||
| 533 | |a Recurso electrónico. Santa Fe, Arg.: e-libro, 2015. Disponible vía World Wide Web. El acceso puede estar limitado para las bibliotecas afiliadas a e-libro. | ||
| 650 | 4 | |a Mathematics. |x Number systems. | |
| 650 | 4 | |a Matemática. |x Sistemas numéricos. | |
| 650 | 4 | |a Technology. |x Mensuration. | |
| 650 | 4 | |a Tecnología. |x Medición. | |
| 655 | 4 | |a Libros electrónicos. | |
| 700 | 1 | |a García de la Figal Costales, Javier. |4 drt | |
| 710 | 2 | |a e-libro, Corp. | |
| 856 | 4 | 0 | |u https://elibro.unach.elogim.com/es/lc/unach/titulos/86049 |